<?xml version="1.0" encoding="UTF-8"?>
<record
    xmlns:xsi="http://www.w3.org/2001/XMLSchema-instance"
    xsi:schemaLocation="http://www.loc.gov/MARC21/slim http://www.loc.gov/standards/marcxml/schema/MARC21slim.xsd"
    xmlns="http://www.loc.gov/MARC21/slim">

  <leader>00822nam a2200253 a 4500</leader>
  <controlfield tag="001">BRL_472</controlfield>
  <controlfield tag="005">20190320210746.0</controlfield>
  <controlfield tag="008">190813s1959----u--a######---#000-0#eng-#</controlfield>
  <datafield tag="041" ind1=" " ind2=" ">
    <subfield code="a">eng</subfield>
  </datafield>
  <datafield tag="044" ind1=" " ind2=" ">
    <subfield code="a">u</subfield>
  </datafield>
  <datafield tag="050" ind1=" " ind2="4">
    <subfield code="a">F1219.5</subfield>
    <subfield code="b">.R63 1959</subfield>
  </datafield>
  <datafield tag="100" ind1="1" ind2=" ">
    <subfield code="a">Robertson, Donald</subfield>
    <subfield code="9">24020</subfield>
  </datafield>
  <datafield tag="245" ind1="1" ind2="0">
    <subfield code="a">Mexican Manuscript Painting of the Early Colonial Period</subfield>
    <subfield code="b">The Metropolitan Schools</subfield>
    <subfield code="c">Donald Robertson</subfield>
  </datafield>
  <datafield tag="260" ind1=" " ind2=" ">
    <subfield code="a">New Haven</subfield>
    <subfield code="b">Yale University Press</subfield>
    <subfield code="c">1959</subfield>
  </datafield>
  <datafield tag="300" ind1=" " ind2=" ">
    <subfield code="a">xix, 234 p.</subfield>
    <subfield code="b">88 laminas</subfield>
    <subfield code="c">28 cm</subfield>
  </datafield>
  <datafield tag="440" ind1=" " ind2="0">
    <subfield code="a">Yale historical publications. History of art</subfield>
    <subfield code="v">12</subfield>
    <subfield code="9">24021</subfield>
  </datafield>
  <datafield tag="500" ind1=" " ind2=" ">
    <subfield code="a">Au483</subfield>
  </datafield>
  <datafield tag="504" ind1=" " ind2=" ">
    <subfield code="a">Bibliograf&#xED;a: p. 203-222</subfield>
  </datafield>
  <datafield tag="650" ind1="1" ind2="4">
    <subfield code="a">Miniaturas</subfield>
    <subfield code="z">M&#xE9;xico</subfield>
    <subfield code="9">24022</subfield>
  </datafield>
  <datafield tag="650" ind1="1" ind2="4">
    <subfield code="a">Iluminaci&#xF3;n de libros y manuscritos</subfield>
    <subfield code="z">M&#xE9;xico</subfield>
    <subfield code="9">17523</subfield>
  </datafield>
  <datafield tag="650" ind1="1" ind2="4">
    <subfield code="a">Manuscritos mexicanos</subfield>
    <subfield code="9">781</subfield>
  </datafield>
  <datafield tag="902" ind1=" " ind2=" ">
    <subfield code="a">GRL</subfield>
  </datafield>
  <datafield tag="942" ind1=" " ind2=" ">
    <subfield code="2">lcc</subfield>
    <subfield code="c">B</subfield>
  </datafield>
  <datafield tag="999" ind1=" " ind2=" ">
    <subfield code="c">9284</subfield>
    <subfield code="d">9284</subfield>
  </datafield>
  <datafield tag="952" ind1=" " ind2=" ">
    <subfield code="0">0</subfield>
    <subfield code="1">0</subfield>
    <subfield code="4">0</subfield>
    <subfield code="7">0</subfield>
    <subfield code="a">BRL</subfield>
    <subfield code="b">BRL</subfield>
    <subfield code="d">2013-08-19</subfield>
    <subfield code="i">Au483</subfield>
    <subfield code="l">0</subfield>
    <subfield code="o">F1219.5 .R63 1959 (Au483)</subfield>
    <subfield code="p">GRL00507</subfield>
    <subfield code="r">2019-03-22 00:00:00</subfield>
    <subfield code="w">2019-03-22</subfield>
    <subfield code="y">B</subfield>
  </datafield>
</record>
